000 00720nam a2200205 i 4500
001 54962
003 ES-MaACL
005 20250901062528.0
007 t|
008 030910s1962 an ||||1| spa d
100 1 _aDelavignette, Robert.
_943339
245 1 0 _aCristianismo y colonialismo /
_cRobert Delavignete ; [versión española de Pedro Roca Garriga].
260 _a[Andorra :
_bCasal i Vall,
_c1962]
300 _a160 p. ;
_c19 cm.
490 1 _aYo sé, yo creo : enciclopedia del católico en el siglo XX
700 1 _aRoca Garriga, Pedro.
_997994
830 0 0 _aYo sé, yo creo: enciclopedia del católico del siglo XX
_9186579
852 _aES-MaACL
_jC-22606
_bR.50247
999 _c54962
_d54962